[Event "GCT 2021 Croazia"]
[Site "Zagabria"]
[Date "07.07.2021"]
[Round "1R"]
[White "Nepomniachtchi, Ian"]
[Black "Korobov, Anton"]
[Result "1-0"]
[WhiteTitle ""]
[BlackTitle ""]
[WhiteElo "2792"]
[BlackElo "2683"]
[WhiteFideId "4168119"]
[BlackFideId "14105730"]
[EventDate "2021.07.07"]

1. e4 e6 2. d4 d5 3. Nc3 Nf6 4. e5 Nfd7 5. f4 c5 6. Nf3 Nc6 7. Be3 Be7 8. Qd2
O-O 9. Bd3 c4 10. Bf1 b5 11. Ne2 f5 12. h3 b4 13. c3 Rb8 14. g4 bxc3 15. bxc3
Ba3 16. Bg2 Rb2 17. Qd1 Qa5 18. O-O Nb6 19. Bd2 Bd7 20. gxf5 Rxf5 21. Ng3 Rf8
22. Ng5 h6 23. Nxe6 Bxe6 24. f5 Nxd4 25. fxe6 Rxf1+ 26. Nxf1 Nxe6 27. Qg4 Kf7
28. Kh1 Ke7 29. Be1 Qb5 30. Rd1 d4 31. Ng3 d3 32. Nf5+ Kf7 33. Bh4 Rxg2 34.
Nxh6+ 1-0

[Event "GCT 2021 Croazia"]
[Site "Zagabria"]
[Date "07.07.2021"]
[Round "1R"]
[White "Mamedyarov, Shakhriyar"]
[Black "Vachier-Lagrave, Maxime"]
[Result "1-0"]
[WhiteTitle ""]
[BlackTitle ""]
[WhiteElo "2782"]
[BlackElo "2749"]
[WhiteFideId "13401319"]
[BlackFideId "623539"]
[EventDate "2021.07.07"]

1. d4 Nf6 2. Nf3 g6 3. Bg5 Bg7 4. Nbd2 O-O 5. e4 d5 6. exd5 Nxd5 7. c3 Nd7 8.
Bc4 N7b6 9. Bb3 Bf5 10. O-O Rc8 11. Re1 h6 12. Bh4 c5 13. dxc5 Rxc5 14. h3 g5
15. Bg3 Nf4 16. Ne4 Rc8 17. Nd4 Bg6 18. Bxf4 gxf4 19. Qg4 Kh7 20. Rad1 Bxd4 21.
Rxd4 Qc7 22. Qh4 Kg7 23. g3 f3 24. g4 Rfd8 25. g5 Rh8 26. Ng3 Qc5 27. Nh5+ Kf8
28. Nf4 Qxg5+ 29. Qxg5 hxg5 30. Nxg6+ fxg6 31. Rd3 Rc5 32. Rd8+ 1-0

[Event "GCT 2021 Croazia"]
[Site "Zagabria"]
[Date "07.07.2021"]
[Round "1R"]
[White "Grischuk, Alexander"]
[Black "Giri, Anish"]
[Result "1/2-1/2"]
[WhiteTitle ""]
[BlackTitle ""]
[WhiteElo "2778"]
[BlackElo "2776"]
[WhiteFideId "4126025"]
[BlackFideId "24116068"]
[EventDate "2021.07.07"]

1. e4 e5 2. Nf3 Nc6 3. Bb5 a6 4. Ba4 Nf6 5. O-O b5 6. Bb3 Bc5 7. a4 Rb8 8. c3 d6
9. d4 Bb6 10. a5 Ba7 11. h3 Bb7 12. Be3 Nxe4 13. d5 Bxe3 14. dxc6 Nxf2 15. Qe2
Nxh3+ 16. Kh1 Nf2+ 17. Rxf2 Bxf2 18. cxb7 Ba7 19. Bd5 Qd7 20. Nd4 Qe7 21. Bc6+
Kf8 22. Nf3 d5 23. Qxe5 Qxe5 24. Nxe5 Ke7 25. Bxb5 axb5 26. a6 Kd6 27. Nxf7+ Kc6
28. Ne5+ Kd6 29. Nf7+ Kc6 30. Ne5+ Kd6 31. Nf7+ 1/2-1/2

[Event "GCT 2021 Croazia"]
[Site "Zagabria"]
[Date "07.07.2021"]
[Round "1R"]
[White "Duda, Jan-Krzysztof"]
[Black "Saric, Ivan"]
[Result "1/2-1/2"]
[WhiteTitle ""]
[BlackTitle ""]
[WhiteElo "2738"]
[BlackElo "2653"]
[WhiteFideId "1170546"]
[BlackFideId "14508150"]
[EventDate "2021.07.07"]

1. d4 Nf6 2. Bg5 c5 3. Bxf6 gxf6 4. d5 f5 5. c4 Bg7 6. Nc3 Bxc3+ 7. bxc3 e5 8.
g3 d6 9. Nf3 e4 10. Nh4 Qf6 11. Bh3 Qxc3+ 12. Kf1 Qf6 13. Rc1 Kd8 14. Qd2 Re8
15. Qf4 Re5 16. Ng2 h6 17. f3 exf3 18. exf3 Na6 19. Kf2 Nb4 20. Qd2 Re7 21. Rhd1
Bd7 22. a3 Na6 23. f4 b6 24. Qc3 Qxc3 25. Rxc3 b5 26. cxb5 Nc7 27. a4 Rb8 28.
Nh4 a6 29. Bxf5 axb5 30. axb5 Rxb5 31. Rd2 h5 32. Bxd7 Kxd7 33. Nf5 Re4 34. Ng7
h4 35. Kf3 Rd4 36. Rxd4 cxd4 37. Rd3 hxg3 38. Kxg3 Rxd5 39. Kg4 Ne8 40. Nxe8
Kxe8 41. f5 Kf8 42. Kf4 Kg7 43. Kg5 f6+ 44. Kf4 Kf7 45. Ke4 Re5+ 46. Kf4 Rd5 47.
Ke4 Re5+ 1/2-1/2

[Event "GCT 2021 Croazia"]
[Site "Zagabria"]
[Date "07.07.2021"]
[Round "2R"]
[White "Korobov, Anton"]
[Black "Saric, Ivan"]
[Result "1-0"]
[WhiteTitle ""]
[BlackTitle ""]
[WhiteElo "2683"]
[BlackElo "2653"]
[WhiteFideId "14105730"]
[BlackFideId "14508150"]
[EventDate "2021.07.07"]

1. e4 c5 2. Nf3 e6 3. Nc3 Nc6 4. Bb5 Nge7 5. O-O a6 6. Bxc6 Nxc6 7. d4 cxd4 8.
Nxd4 d6 9. Nxc6 bxc6 10. Qg4 h5 11. Qe2 h4 12. h3 Be7 13. Rd1 e5 14. Qc4 Qb6 15.
Na4 Qb7 16. Qb3 Rb8 17. Be3 f5 18. exf5 Bxf5 19. Rac1 Qb5 20. Qa3 Qb4 21. Qxb4
Rxb4 22. b3 Kf7 23. c4 Ke6 24. f4 Rhb8 25. fxe5 Rxa4 26. exd6 Rxa2 27. dxe7 Kxe7
28. Rc3 Kf7 29. Bf2 Be4 30. Re3 Bc2 31. Rd7+ Kg6 32. Ree7 Rg8 33. Rd6+ Kh7 34.
Be3 Rb8 35. Bd4 Rg8 36. b4 Ba4 37. Rdd7 Rd2 38. Rxg7+ Rxg7 39. Rxg7+ Kh6 40. Rg4
Rd1+ 41. Kf2 Kh5 42. Be3 Bb3 43. b5 axb5 44. cxb5 Rd5 45. b6 Rb5 46. Rg5+ Rxg5
47. Bxg5 1-0

[Event "GCT 2021 Croazia"]
[Site "Zagabria"]
[Date "07.07.2021"]
[Round "2R"]
[White "Giri, Anish"]
[Black "Duda, Jan-Krzysztof"]
[Result "1/2-1/2"]
[WhiteTitle ""]
[BlackTitle ""]
[WhiteElo "2776"]
[BlackElo "2738"]
[WhiteFideId "24116068"]
[BlackFideId "1170546"]
[EventDate "2021.07.07"]

1. e4 c5 2. Nf3 d6 3. Bb5+ Bd7 4. Bxd7+ Nxd7 5. O-O Ngf6 6. Qe2 Rc8 7. c3 e6 8.
d4 cxd4 9. cxd4 d5 10. e5 Ne4 11. Be3 Be7 12. Ne1 h6 13. f3 Ng5 14. Nd3 O-O 15.
Nc3 Rc6 16. Rac1 f5 17. Nf4 Re8 18. Qd3 Nf8 19. Na4 Rxc1 20. Rxc1 Qa5 21. b3 Rb8
22. Bd2 Qd8 23. Nc5 b6 24. Na6 Rc8 25. Rc2 Nf7 26. Ne2 Qd7 27. Bb4 Ng6 28. a4
Nd8 29. Rxc8 Qxc8 30. Bxe7 Nxe7 31. Nb4 Kf7 32. Kf2 Ndc6 33. Nc2 Na5 34. Ke1
Nec6 35. g3 Qf8 36. Qc3 Qb8 37. Na3 Qf8 38. Nc2 Qb8 39. Na3 Qf8 40. Nc2 1/2-1/2

[Event "GCT 2021 Croazia"]
[Site "Zagabria"]
[Date "07.07.2021"]
[Round "2R"]
[White "Van Foreest, Jorden"]
[Black "Grischuk, Alexander"]
[Result "1/2-1/2"]
[WhiteTitle ""]
[BlackTitle ""]
[WhiteElo "2688"]
[BlackElo "2778"]
[WhiteFideId "1039784"]
[BlackFideId "4126025"]
[EventDate "2021.07.07"]

1. e4 e5 2. Nf3 Nc6 3. Bc4 Bc5 4. c3 Nf6 5. d4 exd4 6. e5 d5 7. Bb5 Ne4 8. cxd4
Bb6 9. Nc3 O-O 10. Be3 Bg4 11. h3 Bh5 12. Rc1 Ne7 13. g4 Bg6 14. h4 f5 15. exf6
Nxf6 16. Ne5 c6 17. Be2 Nd7 18. Nxd7 Qxd7 19. h5 Bf7 20. Na4 Nc8 21. h6 g6 22.
Nc5 Qe7 23. Qd2 Nd6 24. Bg5 Qc7 25. Bf4 Qe7 26. Bg5 Qc7 27. Bf4 Qe7 28. Bg5 1/2-1/2

[Event "GCT 2021 Croazia"]
[Site "Zagabria"]
[Date "07.07.2021"]
[Round "2R"]
[White "Vachier-Lagrave, Maxime"]
[Black "Anand, Viswanathan"]
[Result "1-0"]
[WhiteTitle ""]
[BlackTitle ""]
[WhiteElo "2749"]
[BlackElo "2753"]
[WhiteFideId "623539"]
[BlackFideId "5000017"]
[EventDate "2021.07.07"]

1. e4 c6 2. d4 d5 3. e5 Bf5 4. Nf3 e6 5. Be2 c5 6. Be3 Qb6 7. Nc3 Nc6 8. O-O
Qxb2 9. Qe1 cxd4 10. Bxd4 Nxd4 11. Nxd4 Bb4 12. Rb1 Bxc3 13. Rxb2 Bxe1 14. Rxe1
b6 15. h4 h5 16. Nxf5 exf5 17. c4 d4 18. Rd1 Rd8 19. c5 bxc5 20. Rb7 Ne7 21.
Rxa7 Ng6 22. Bb5+ Kf8 23. f4 Rh6 24. Bc4 Ne7 25. Rb1 d3 26. Bxd3 Nc6 27. Ra3 Re6
28. Rc1 Nd4 29. Rxc5 Re7 30. Rac3 Red7 31. Rc8 Nf3+ 32. Kf2 Rxd3 33. Rxd8+ Rxd8
34. Kxf3 Rd2 35. a3 Ke7 36. g3 Ke6 37. Ke3 Rd1 38. Rd3 Ra1 39. Kd4 Kd7 40. Kc5+
Kc7 41. Rc3 Rd1 42. a4 Rd2 43. a5 Ra2 44. Kb4+ Kb7 45. Ra3 Rc2 46. a6+ Ka7 47.
Kb5 Rc1 48. Rd3 1-0

[Event "GCT 2021 Croazia"]
[Site "Zagabria"]
[Date "07.07.2021"]
[Round "2R"]
[White "Nepomniachtchi, Ian"]
[Black "Mamedyarov, Shakhriyar"]
[Result "1-0"]
[WhiteTitle ""]
[BlackTitle ""]
[WhiteElo "2792"]
[BlackElo "2782"]
[WhiteFideId "4168119"]
[BlackFideId "13401319"]
[EventDate "2021.07.07"]

1. c4 Nf6 2. g3 g6 3. Bg2 Bg7 4. Nc3 O-O 5. d4 d6 6. e4 e5 7. Nge2 exd4 8. Nxd4
Re8 9. O-O Nbd7 10. h3 a6 11. Re1 Rb8 12. Be3 Ne5 13. b3 c5 14. Nde2 b5 15. f4
Ned7 16. Qxd6 b4 17. e5 bxc3 18. Nxc3 Nh5 19. g4 Bf8 20. Qd2 Ng7 21. Nd5 f6 22.
Rad1 fxe5 23. f5 Bb7 24. Bg5 Qc8 25. Rf1 gxf5 26. gxf5 Kh8 27. f6 Ne6 28. f7 Rd8
29. Nb6 Nxb6 30. Bf6+ Bg7 31. Qxd8+ Qxd8 32. Bxd8 Bxg2 33. Kxg2 Nf8 34. Be7 Nbd7
35. Rd6 e4 36. Re1 Bd4 37. Rxe4 Kg7 38. Rxa6 Kxf7 39. Bd6 Rc8 40. Re7+ Kg8 41.
Ra7 Nf6 42. Rg7+ Kh8 43. Rgb7 Ne4 44. Rb8 Nxd6 45. Rxc8 Nxc8 46. Ra8 Nd6 47.
Rxf8+ Kg7 48. Ra8 Bc3 49. a4 Nb7 50. Ra7 1-0

[Event "GCT 2021 Croazia"]
[Site "Zagabria"]
[Date "07.07.2021"]
[Round "3R"]
[White "Mamedyarov, Shakhriyar"]
[Black "Korobov, Anton"]
[Result "1/2-1/2"]
[WhiteTitle ""]
[BlackTitle ""]
[WhiteElo "2782"]
[BlackElo "2683"]
[WhiteFideId "13401319"]
[BlackFideId "14105730"]
[EventDate "2021.07.07"]

1. d4 Nf6 2. c4 e6 3. Nc3 Bb4 4. Qc2 O-O 5. e4 d5 6. e5 Ne4 7. Bd3 c5 8. Nf3
cxd4 9. Nxd4 Nd7 10. Bf4 Qh4 11. g3 Qh5 12. O-O Bxc3 13. bxc3 g5 14. Bc1 Nxe5
15. Be2 Qh3 16. f3 Nxg3 17. hxg3 Qxg3+ 18. Kh1 Qh3+ 19. Kg1 Qg3+ 20. Kh1 Qh3+
21. Kg1 1/2-1/2

[Event "GCT 2021 Croazia"]
[Site "Zagabria"]
[Date "07.07.2021"]
[Round "3R"]
[White "Anand, Viswanathan"]
[Black "Nepomniachtchi, Ian"]
[Result "1/2-1/2"]
[WhiteTitle ""]
[BlackTitle ""]
[WhiteElo "2753"]
[BlackElo "2792"]
[WhiteFideId "5000017"]
[BlackFideId "4168119"]
[EventDate "2021.07.07"]

1. e4 c5 2. Nf3 e6 3. d4 cxd4 4. Nxd4 Nc6 5. Nc3 a6 6. Nxc6 bxc6 7. Bd3 d5 8.
O-O Nf6 9. Re1 Be7 10. e5 Nd7 11. Qg4 g6 12. Na4 h5 13. Qe2 c5 14. c4 d4 15. b3
Qc7 16. Be4 Rb8 17. f4 Bb7 18. Bd2 Kf8 19. Nb2 Kg7 20. Bxb7 Rxb7 21. Nd3 a5 22.
Qf3 a4 23. bxa4 Nb6 24. Nb2 Nd7 25. Nd3 Nb6 26. Nb2 Nd7 27. Nd3 1/2-1/2

[Event "GCT 2021 Croazia"]
[Site "Zagabria"]
[Date "07.07.2021"]
[Round "3R"]
[White "Duda, Jan-Krzysztof"]
[Black "Van Foreest, Jorden"]
[Result "1/2-1/2"]
[WhiteTitle ""]
[BlackTitle ""]
[WhiteElo "2738"]
[BlackElo "2688"]
[WhiteFideId "1170546"]
[BlackFideId "1039784"]
[EventDate "2021.07.07"]

1. e4 c6 2. d4 d5 3. e5 Bf5 4. Nf3 e6 5. Be2 a5 6. O-O Nd7 7. c3 a4 8. Nbd2 h6
9. Re1 Ne7 10. Nf1 Bh7 11. h3 c5 12. Ng3 Nc6 13. Bd3 Bxd3 14. Qxd3 a3 15. b3
cxd4 16. cxd4 Bb4 17. Re2 Qb6 18. Nh5 g6 19. Nf4 Qa6 20. Be3 Qxd3 21. Nxd3 Ndb8
22. Rc2 Na6 23. Kf1 g5 24. Ke2 Be7 25. Rac1 Kd7 26. Bd2 Rhc8 27. g4 Rh8 28. b4
Na7 29. Nc5+ Bxc5 30. bxc5 Nb5 31. c6+ bxc6 32. Rxc6 Nac7 33. Kd3 h5 34. Nxg5
hxg4 35. hxg4 Rh4 36. Rb6 Rxg4 37. Be3 Ra6 38. Rb8 Rc6 39. Rd8+ Kxd8 40. Rxc6
Kd7 41. Rb6 Rg1 42. Nxf7 Rd1+ 43. Bd2 Nxd4 44. Ke3 Nf5+ 45. Kd3 Ra1 46. Nd6 Ne7
47. Rb7 Nc6 48. Bc3 Rxa2 49. Nb5 Nxe5+ 50. Bxe5 Kc6 51. Rxc7+ Kxb5 52. f4 Rg2
53. Rb7+ Ka4 54. Kd4 Rc2 55. Kd3 Rc4 56. Rb6 a2 57. Rxe6 Kb5 58. f5 d4 59. Rb6+
Kc5 60. Ra6 Rc3+ 61. Kd2 Rf3 62. f6 Kd5 63. Ra5+ Ke4 64. Ke2 a1=Q 65. Rxa1 d3+
66. Kd2 Kxe5 67. Re1+ Kxf6 68. Re3 Rxe3 69. Kxe3 d2 70. Kxd2 1/2-1/2

[Event "GCT 2021 Croazia"]
[Site "Zagabria"]
[Date "07.07.2021"]
[Round "3R"]
[White "Saric, Ivan"]
[Black "Giri, Anish"]
[Result "1-0"]
[WhiteTitle ""]
[BlackTitle ""]
[WhiteElo "2653"]
[BlackElo "2776"]
[WhiteFideId "14508150"]
[BlackFideId "24116068"]
[EventDate "2021.07.07"]

1. e4 e5 2. Nf3 Nc6 3. Bc4 Nf6 4. d3 Bc5 5. c3 d6 6. Bg5 h6 7. Bh4 a5 8. Nbd2
Ba7 9. a3 Qe7 10. b4 g5 11. Bg3 Nh5 12. Nb3 Qf6 13. Rf1 Bg4 14. Bd5 Bxf3 15.
gxf3 Bb6 16. Nd2 axb4 17. axb4 O-O 18. Rg1 Kh7 19. b5 Rxa1 20. Qxa1 Nd8 21. Qa2
c6 22. bxc6 bxc6 23. Bb3 Ne6 24. Bxe6 Qxe6 25. Qxe6 fxe6 26. Ke2 Ra8 27. Rb1 Bc5
28. Rb2 Kg6 29. Nc4 Kf6 30. Rd2 Ra4 31. Rb2 Ra1 32. Ne3 Kg6 33. Nc2 Ra4 34. Rb8
Ra2 35. Kd1 Ra6 36. d4 Rb6 37. Rd8 exd4 38. cxd4 Bb4 39. Nxb4 Rxb4 40. Rxd6 Nxg3
41. hxg3 Kf7 42. Ke2 Rb2+ 43. Kf1 Rb1+ 44. Kg2 Rd1 45. f4 gxf4 46. gxf4 Ke7 47.
e5 h5 48. Kg3 Rd3+ 49. Kh4 Rf3 50. Kg5 Rxf2 51. Rxc6 Rd2 52. Rc7+ Kd8 53. Rc4
Rf2 54. Kf6 Kd7 55. d5 exd5 56. e6+ Kd6 57. Ra4 h4 58. e7 Re2 59. Ra6+ Kd7 60.
Ra7+ Kd6 61. Kf7 h3 62. e8=Q Rxe8 63. Kxe8 Ke6 64. Rh7 Kf5 65. Rxh3 Kxf4 66. Kd7
d4 67. Kd6 Ke4 68. Kc5 d3 69. Kc4 d2 70. Rd3 1-0

[Event "GCT 2021 Croazia"]
[Site "Zagabria"]
[Date "08.07.2021"]
[Round "4R"]
[White "Korobov, Anton"]
[Black "Giri, Anish"]
[Result "0-1"]
[WhiteTitle ""]
[BlackTitle ""]
[WhiteElo "2683"]
[BlackElo "2776"]
[WhiteFideId "14105730"]
[BlackFideId "24116068"]
[EventDate "2021.07.07"]

1. e4 e5 2. Nc3 Nf6 3. g3 d5 4. exd5 Nxd5 5. Bg2 Nxc3 6. bxc3 Nc6 7. Nf3 Bc5 8.
O-O O-O 9. Re1 Bb6 10. d3 Re8 11. Be3 Bg4 12. h3 Bh5 13. Qc1 Ba5 14. Qb2 e4 15.
Nd4 exd3 16. Nxc6 bxc6 17. cxd3 Qxd3 18. Bd4 Bf3 19. Bf1 Qf5 20. Rxe8+ Rxe8 21.
c4 Be4 22. Qa3 Bb4 23. Qe3 c5 24. Bb2 Bd2 25. Qe2 Bc6 26. Qd3 Qxd3 27. Bxd3 Bf3
28. Bf1 Ba5 29. Rc1 h5 30. Bc3 Bb4 31. Rc2 g5 32. Bg2 g4 33. hxg4 hxg4 34. Bxf3
gxf3 35. a3 Bxa3 36. Ba5 Bb4 37. Bxc7 Re1+ 38. Kh2 Re2 39. Rc1 Rxf2+ 40. Kh3 Re2
41. Rf1 f2 42. Kg2 Be1 43. Rh1 Re4 44. Rh5 Rxc4 45. Be5 f6 46. Bxf6 a5 47. Rd5
Kf7 48. Bh8 a4 49. Rd7+ Ke6 50. Ra7 Rc1 51. Bg7 a3 52. g4 Bc3 0-1

[Event "GCT 2021 Croazia"]
[Site "Zagabria"]
[Date "08.07.2021"]
[Round "4R"]
[White "Van Foreest, Jorden"]
[Black "Saric, Ivan"]
[Result "1/2-1/2"]
[WhiteTitle ""]
[BlackTitle ""]
[WhiteElo "2688"]
[BlackElo "2653"]
[WhiteFideId "1039784"]
[BlackFideId "14508150"]
[EventDate "2021.07.07"]

1. e4 c5 2. Nf3 d6 3. d4 cxd4 4. Nxd4 Nf6 5. Nc3 a6 6. Bd3 e5 7. Nde2 Be7 8. O-O
Be6 9. f4 exf4 10. Nxf4 Nc6 11. b3 Ne5 12. Bb2 O-O 13. Qe1 Rc8 14. Rd1 Re8 15.
h3 Bf8 16. Kh1 b5 17. Nce2 Bd7 18. Qg3 Bc6 19. Nd5 Bxd5 20. exd5 g6 21. Nd4 Bg7
22. Nc6 Nxc6 23. Bxf6 Bxf6 24. dxc6 Rxc6 25. c4 Rc5 26. Bxg6 hxg6 27. Rxd6 Qc7
28. Rfxf6 Rce5 29. Kh2 bxc4 30. bxc4 Rc5 31. Rxa6 Rxc4 32. Rf2 Qxg3+ 33. Kxg3
Re7 34. Kh2 Rce4 35. a4 Kg7 36. Ra2 Re2 37. Rxe2 Rxe2 38. Rb6 Ra2 39. Rb4 g5 40.
Rg4 Kh6 41. h4 gxh4 42. Rxh4+ Kg5 43. Rd4 f5 44. Kh3 Ra3+ 45. g3 Ra2 46. Rc4 Kh5
47. Rb4 Kg5 48. Rf4 Rb2 49. Rd4 Ra2 50. Rf4 Rb2 51. Rd4 1/2-1/2

[Event "GCT 2021 Croazia"]
[Site "Zagabria"]
[Date "08.07.2021"]
[Round "4R"]
[White "Vachier-Lagrave, Maxime"]
[Black "Duda, Jan-Krzysztof"]
[Result "1-0"]
[WhiteTitle ""]
[BlackTitle ""]
[WhiteElo "2749"]
[BlackElo "2738"]
[WhiteFideId "623539"]
[BlackFideId "1170546"]
[EventDate "2021.07.07"]

1. e4 c6 2. Nf3 d5 3. Nc3 Bg4 4. h3 Bxf3 5. Qxf3 e6 6. Be2 Nd7 7. d4 dxe4 8.
Nxe4 Ngf6 9. Ng3 g6 10. O-O Bg7 11. Rd1 O-O 12. a4 a5 13. c3 Qc7 14. h4 h5 15.
Bc4 e5 16. Bg5 Rae8 17. d5 e4 18. Qe2 cxd5 19. Bxd5 Nb6 20. Bxf6 Bxf6 21. Nxe4
Bxh4 22. Bb3 Bxf2+ 23. Kh1 Bh4 24. Qf3 Kg7 25. Nd6 Re7 26. Qf4 Bf6 27. Rf1 Be5
28. Nf5+ gxf5 29. Qg5+ Kh7 30. Qxh5+ Kg8 31. Rxf5 Bg7 32. Raf1 Nc4 33. Bc2 Ne3
34. Rc5 Nxc2 35. Rxc7 Rxc7 36. Qe2 Nb4 37. cxb4 axb4 38. Qg4 Rfc8 39. Qxb4 Rc6
40. Qf4 Rf6 41. Qxf6 Bxf6 42. Rxf6 Rc4 43. b3 Rb4 44. Rf3 Kg7 45. Kg1 Kg6 46.
Kf2 f5 47. Ke2 Rg4 48. g3 Kg5 49. Kd3 Re4 50. Re3 Rxe3+ 51. Kxe3 Kg4 52. Kf2 f4
53. gxf4 Kxf4 54. Ke2 Ke4 55. Kd2 Kd4 56. Kc2 Kd5 57. Kd3 Kc5 58. Kc3 Kc6 59.
Kc4 b6 60. Kb4 Kc7 61. Kb5 Kb7 62. a5 1-0

[Event "GCT 2021 Croazia"]
[Site "Zagabria"]
[Date "08.07.2021"]
[Round "4R"]
[White "Nepomniachtchi, Ian"]
[Black "Grischuk, Alexander"]
[Result "1-0"]
[WhiteTitle ""]
[BlackTitle ""]
[WhiteElo "2792"]
[BlackElo "2778"]
[WhiteFideId "4168119"]
[BlackFideId "4126025"]
[EventDate "2021.07.07"]

1. c4 e6 2. Nf3 d5 3. g3 dxc4 4. Qa4+ Bd7 5. Qxc4 c5 6. Ne5 Nc6 7. Nxd7 Qxd7 8.
Bg2 Nf6 9. O-O Be7 10. Nc3 O-O 11. Rd1 Rfd8 12. b3 Rac8 13. Bb2 a6 14. Rac1 b5
15. Qf4 h6 16. d3 Nd5 17. Nxd5 exd5 18. e3 d4 19. Be4 Rc7 20. Bf5 Qd6 21. Qxd6
Bxd6 22. Be4 Be7 23. Bxc6 Rxc6 24. Bxd4 Rdc8 25. Bc3 f5 26. Kf1 Kf7 27. Rc2 g5
28. Ke2 Ke6 29. Rdc1 h5 30. h3 Bd6 31. Bb2 Kd5 32. g4 hxg4 33. hxg4 fxg4 34. e4+
Ke6 35. d4 R6c7 36. d5+ Kf7 37. Rg1 c4 38. bxc4 Rxc4 39. Rxc4 Rxc4 40. Kd3 Ra4
41. e5 Bc5 42. Rc1 Rc4 43. Rh1 Rf4 44. e6+ Kg6 45. Be5 Rxf2 46. d6 Rf5 47. Ke4 1-0

[Event "GCT 2021 Croazia"]
[Site "Zagabria"]
[Date "08.07.2021"]
[Round "4R"]
[White "Mamedyarov, Shakhriyar"]
[Black "Anand, Viswanathan"]
[Result "1/2-1/2"]
[WhiteTitle ""]
[BlackTitle ""]
[WhiteElo "2782"]
[BlackElo "2753"]
[WhiteFideId "13401319"]
[BlackFideId "5000017"]
[EventDate "2021.07.07"]

1. d4 Nf6 2. c4 e6 3. Nf3 d5 4. Nc3 Bb4 5. Qa4+ Nc6 6. e3 O-O 7. Qc2 Re8 8. Bd2
Bf8 9. Be2 Nb4 10. Qb1 dxc4 11. Bxc4 b6 12. O-O Ba6 13. Bxa6 Nxa6 14. e4 c5 15.
e5 cxd4 16. exf6 dxc3 17. Bxc3 gxf6 18. Qe4 Nc7 19. Rad1 Nd5 20. Qg4+ Bg7 21.
Rfe1 Kh8 22. Rd4 Qc7 23. Rc4 Qe7 24. Bd4 Rac8 25. b3 Rxc4 26. bxc4 Nb4 27. Re2
Rd8 28. g3 Nc6 29. Bb2 Qc7 30. Kg2 Ne7 31. Rc2 Qc6 32. c5 bxc5 33. Qh5 Kg8 34.
Qxc5 Rc8 35. Qxc6 Rxc6 36. Rxc6 Nxc6 37. Nd4 Nb4 38. Nb5 a5 39. Bc3 f5 40. Bxb4
axb4 41. Kf3 Bf8 42. Ke2 Bc5 43. Nc7 Kg7 44. Na6 Bd6 45. Kd3 Kf6 46. Kc4 Kg5 47.
Nxb4 Kg4 48. a4 Bc7 49. Kb5 Kf3 50. Kc6 Ba5 51. Nd3 Ke2 52. Ne5 Kxf2 53. Nxf7
Kg2 54. Kd6 Kxh2 55. Kxe6 Kxg3 56. Kxf5 h5 57. Ng5 h4 58. Ne4+ Kg2 59. Ng5 Bd8
60. Ne6 Kg3 61. Nf4 Bc7 62. Ne2+ Kg2 63. a5 Bxa5 64. Kg4 Bd8 65. Nf4+ Kf2 66.
Nh3+ Ke2 67. Nf4+ Kd1 68. Nh3 Ke2 69. Nf4+ Kd1 70. Nh3 Ke2 1/2-1/2

[Event "GCT 2021 Croazia"]
[Site "Zagabria"]
[Date "08.07.2021"]
[Round "5R"]
[White "Grischuk, Alexander"]
[Black "Mamedyarov, Shakhriyar"]
[Result "1/2-1/2"]
[WhiteTitle ""]
[BlackTitle ""]
[WhiteElo "2778"]
[BlackElo "2782"]
[WhiteFideId "4126025"]
[BlackFideId "13401319"]
[EventDate "2021.07.07"]

1. d4 Nf6 2. c4 g6 3. g3 c6 4. Bg2 d5 5. cxd5 cxd5 6. Nf3 Bg7 7. O-O O-O 8. Nc3
Ne4 9. Ne5 Nxc3 10. bxc3 Nc6 11. Nxc6 bxc6 12. Qa4 Qb6 13. Ba3 Qa6 14. Qxa6 Bxa6
15. Rfb1 Rfb8 16. Bxe7 Bxe2 17. Bf1 Bxf1 18. Kxf1 Bf8 19. Bxf8 Kxf8 20. Rb3 Rb6
21. Rab1 Rab8 22. Ke2 Ke7 23. Kd3 Kd6 24. c4 dxc4+ 25. Kxc4 R8b7 26. h4 h5 27.
R1b2 Rb8 28. Rb1 R8b7 29. R1b2 Rb8 30. Rb1 R8b7 1/2-1/2

[Event "GCT 2021 Croazia"]
[Site "Zagabria"]
[Date "08.07.2021"]
[Round "5R"]
[White "Duda, Jan-Krzysztof"]
[Black "Nepomniachtchi, Ian"]
[Result "1/2-1/2"]
[WhiteTitle ""]
[BlackTitle ""]
[WhiteElo "2738"]
[BlackElo "2792"]
[WhiteFideId "1170546"]
[BlackFideId "4168119"]
[EventDate "2021.07.07"]

1. d4 Nf6 2. c4 e6 3. Nc3 Bb4 4. e3 O-O 5. Bd3 d5 6. a3 Bxc3+ 7. bxc3 dxc4 8.
Bxc4 c5 9. Nf3 Qc7 10. Be2 b6 11. O-O Bb7 12. Bb2 Nc6 13. dxc5 Na5 14. cxb6 Qxb6
15. Ra2 Rfd8 16. Qa4 Bc6 17. Qb4 Bd5 18. Raa1 Rab8 19. c4 Bxc4 20. Bxf6 gxf6 21.
Bxc4 Qxb4 22. axb4 Nxc4 23. Nd4 Rd7 24. Rfc1 Nd6 25. Ra4 Nb5 26. Nxb5 Rxb5 27.
g3 Kg7 28. Kf1 Rd2 29. Ke1 Rd7 30. Rc5 Rb6 31. Ke2 f5 32. g4 fxg4 33. Rg5+ Kf8
34. Rxg4 Rc6 35. Ra2 Rc1 36. Kf3 Rh1 37. Rh4 Kg7 38. Ra5 h6 39. Rah5 Rd2 40.
Rg4+ Kh7 41. Rf4 Kg6 42. Rh3 Rd5 43. Rg3+ Rg5 44. Kg2 Ra1 45. Rd4 a5 46. bxa5
Rxa5 47. Rc4 Rb5 48. Rd4 Ra5 49. Rc4 Rb5 50. Rd4 1/2-1/2

[Event "GCT 2021 Croazia"]
[Site "Zagabria"]
[Date "08.07.2021"]
[Round "5R"]
[White "Saric, Ivan"]
[Black "Vachier-Lagrave, Maxime"]
[Result "1/2-1/2"]
[WhiteTitle ""]
[BlackTitle ""]
[WhiteElo "2653"]
[BlackElo "2749"]
[WhiteFideId "14508150"]
[BlackFideId "623539"]
[EventDate "2021.07.07"]

1. e4 c5 2. Nf3 d6 3. Bb5+ Bd7 4. Bxd7+ Nxd7 5. O-O Ngf6 6. Re1 Rc8 7. c3 e6 8.
d4 cxd4 9. cxd4 d5 10. e5 Ne4 11. Nbd2 Nxd2 12. Bxd2 Be7 13. g3 O-O 14. h4 Rc6
15. Kg2 f6 16. exf6 Nxf6 17. Ne5 Rc8 18. Qb3 Bd6 19. Bf4 Ne4 20. Rxe4 dxe4 21.
Qxe6+ Kh8 22. Nf7+ Rxf7 23. Qxf7 Bxf4 24. Qxf4 Qxd4 25. Rc1 Rg8 26. b3 Qb2 27.
Rc7 Qxa2 28. Rxb7 Qc2 29. Qe3 a5 30. Ra7 h6 31. Rxa5 Rb8 32. Rc5 Qd3 33. Rc3 Qd5
34. Rc4 Kh7 35. h5 Rb5 36. Rd4 Qb7 37. Qf4 e3+ 38. f3 e2 39. Re4 Rxh5 40. Rxe2
Rb5 41. Re4 Qc6 42. Rc4 Qe6 43. Qe4+ Qxe4 44. Rxe4 Rxb3 45. g4 Rb2+ 46. Kg3 Rb3
47. Kg2 Rb2+ 48. Kg3 Rb3 49. Kg2 1/2-1/2